00414pab a2200157 454500008004000000100002000040245005000060260000900110300001500119362000800134650002800142650001500170650001800185700002000203773003300223180718b2018 xxu||||| |||| 00| 0 eng d aBanerjee, Kiran aRace and the meso-level sources of domination c2018 ap.215-227. aMar aMeso-level institutions aLiberalism aEthnic groups aSinger, Abraham aPolitical Research Quarterly